03083 2201405 4500001002100000005001500021035002000036007000300056008004100059020002200100082000800122084001400130100002700144245009200171250001000263260003100273300003000304650001100334700003200345990001300377990001300390990001300403990001300416990001300429990001300442990001300455990001300468990001300481990001300494990001300507990001300520990001300533990001300546990001300559990001300572990001300585990001300598990001300611990001300624990001300637990001300650990001300663990001300676990001300689990001300702990001300715990001300728990001300741990001300754990001300767990001300780990001300793990001300806990001300819990001300832990001300845990001300858990001300871990001300884990001300897990001300910990001300923990001300936990001300949990001300962990001300975990001300988990001301001990001301014990001301027990001301040990001301053990001301066990001301079990001301092990001301105990001301118990001301131990001301144990001301157990001301170990001301183990001301196990001301209990001301222990001301235990001301248990001301261990001301274990001301287990001301300990001301313990001301326990001301339990001301352990001301365990001301378990001301391990001301404990001301417990001301430990001301443990001301456990001301469990001301482990001301495990001301508990001301521990001301534990001301547990001301560990001301573990001301586990001301599990001301612990001301625990001301638990001301651990001301664INLIS00000000000146820230710091557 a0010-0723000002ta230710 g 0 ind  a978-623-266-627-6 a530 a530 NI i0 aNi Ketut Lasmi, M.PFis1 aIPA Fisika :bSMA / SMK kelas X /cNi Ketut Lasmi, M.PFis , Editor: Hani Trifani, S.Si. acet.2 aJakarta :bErlangga,c2022 a150 hlm. :bIlus ;c25 cm 4aFisika0 aEditor: Hani Trifani, S.Si. a02740274 a02740274 a02740274 a02740274 a02740274 a02740274 a02740274 a02740274 a02740274 a02740274 a02740274 a02740274 a02740274 a02740274 a02740274 a02740274 a02740274 a02740274 a02740274 a02740274 a02740274 a02740274 a02740274 a02740274 a02740274 a02740274 a02740274 a02740274 a02740274 a02740274 a02740274 a02740274 a02740274 a02740274 a02740274 a02740274 a02740274 a02740274 a02740274 a02740274 a02740274 a02740274 a02740274 a02740274 a02740274 a02740274 a02740274 a02740274 a02740274 a02740274 a03240324 a03240324 a03240324 a03240324 a03240324 a03240324 a03240324 a03240324 a03240324 a03240324 a03240324 a03240324 a03240324 a03240324 a03240324 a03240324 a03240324 a03240324 a03240324 a03240324 a03240324 a03240324 a03240324 a03240324 a03240324 a03240324 a03240324 a03240324 a03240324 a03240324 a03240324 a03240324 a03240324 a03240324 a03240324 a03240324 a03240324 a03240324 a03240324 a03240324 a03240324 a03240324 a03240324 a03240324 a03240324 a03240324 a03240324 a03240324 a03240324 a03240324